Southville International School and Colleges
Your cart is empty.
  • Cart
  • Lists
    Public lists Eva Luna New books Lux_list list_1
    Your lists Log in to create your own lists
  • Log in to your account
  • Your cookies
  • Search history
Southville International School and Colleges
  • Advanced search
  • Recent comments
  • Most popular
  • Libraries

Log in to your account

Log in with GOOGLE


If you do not have an external account, but do have a local account, you can still log in:

  1. Home
  2. MARC view: Diet cure for common ailments /
Normal view MARC view ISBD view

Diet cure for common ailments / (Record no. 357662)

[ view plain ]
MARC details
000 -LEADER
fixed length control field 00536nam a2200217Ia 4500
008 - FIXED-LENGTH DATA ELEMENTS--GENERAL INFORMATION
fixed length control field 180523s9999 xx 000 0 und d
020 ## - INTERNATIONAL STANDARD BOOK NUMBER
International Standard Book Number 81-7224-072-4
050 ## - LIBRARY OF CONGRESS CALL NUMBER
Classification number MAIN RM 217
050 ## - LIBRARY OF CONGRESS CALL NUMBER
Item number .B35 2003
100 ## - MAIN ENTRY--PERSONAL NAME
Personal name Bakhru, H.K.
245 #0 - TITLE STATEMENT
Title Diet cure for common ailments /
245 #0 - TITLE STATEMENT
Statement of responsibility, etc H.K. Bakhru.
260 ## - PUBLICATION, DISTRIBUTION, ETC. (IMPRINT)
Place of publication, distribution, etc New Delhi :
260 ## - PUBLICATION, DISTRIBUTION, ETC. (IMPRINT)
Name of publisher, distributor, etc Jaico Publishing,
260 ## - PUBLICATION, DISTRIBUTION, ETC. (IMPRINT)
Date of publication, distribution, etc 2003
300 ## - PHYSICAL DESCRIPTION
Extent 363 pages :
300 ## - PHYSICAL DESCRIPTION
Dimensions 22 cm.
650 ## - SUBJECT ADDED ENTRY--TOPICAL TERM
Topical term or geographic name as entry element Diet therapy.
650 ## - SUBJECT ADDED ENTRY--TOPICAL TERM
Topical term or geographic name as entry element Minerals in nutrition.
650 ## - SUBJECT ADDED ENTRY--TOPICAL TERM
General subdivision Vitamin therapy.
Holdings
Withdrawn status Lost status Damaged status Home library Current library Shelving location Date acquired Cost, normal purchase price Total Checkouts Full call number Barcode Date last seen Price effective from Koha item type
      South Mansfield College South Mansfield College   03/07/2005 615.00   MAIN RM 217 .B35 2003 SMC02085 05/23/2018 05/23/2018  

Diet cure for common ailments /

APA

Bakhru H., .Diet cure for common ailments. New Delhi: .

Chicago

Bakhru H.K, .Diet cure for common ailments. New Delhi: .

Harvard

Bakhru H., .Diet cure for common ailments. New Delhi: .

MLA

Bakhru H.K, .New Delhi: . .

  • Place hold
  • Print
  • Cite
  • Add to your cart (remove)
  • Save record
    BIBTEX Dublin Core MARCXML MARC (non-Unicode/MARC-8) MARC (Unicode/UTF-8) MARC (Unicode/UTF-8, Standard) MODS (XML) RIS
  • More searches
    Search for this title in:
    Other Libraries (WorldCat) Other Databases (Google Scholar) Online Stores (Bookfinder.com) Open Library (openlibrary.org)

Exporting to Dublin Core...

SOUTHVILLE LIBRARY

Southville International School and Colleges Library

1281 Tropical Ave. Cor. Luxembourg St., BF Homes International, Las Pinas City

Tel. No. 8256374 / 252358 Loc. 117/146

Powered by Koha